[Event "ESP-ch U12"]
[Site "Salobrena"]
[Date "2024.07.13"]
[Round "9"]
[White "Mulet Polo, Pau"]
[Black "Iglesias Flores, Marcos"]
[Result "1-0"]
[WhiteElo "1856"]
[BlackElo "1735"]
[PlyCount "85"]
[EventDate "2024.07.08"]
[EventType "swiss"]
[EventRounds "9"]
[EventCountry "ESP"]
[SourceTitle "EXT 2025"]
[Source "ChessBase"]
[SourceDate "2024.10.14"]
[SourceVersion "1"]
[SourceVersionDate "2024.10.14"]
[SourceQuality "1"]

1. d4 d5 2. c4 e6 3. Nc3 Nf6 4. cxd5 exd5 5. Bg5 Be7 6. e3 c6 7. Qc2 0-0 8. Bd3 h6 9. Bh4 Re8 10. Nge2 Nh5 11. Bxe7 Qxe7 12. 0-0 Nd7 13. Rab1 a5 14. a3 Nhf6 15. Ng3 Nb6 16. Rfe1 Qd8 17. Rbd1 Be6 18. Kh1 a4 19. Qd2 Qd7 20. f3 Rad8 21. Qc2 Ra8 22. Bf5 g6 23. Bxe6 Rxe6 24. e4 Kg7 25. e5 Ne8 26. f4 Nc7 27. f5 Ree8 28. h4 Qd8 29. f6+ Kh7 30. h5 Rg8 31. Nce2 Ne6 32. Rf1 Nc4 33. Rd3 Qe8 34. Nf4 Nxf4 35. Rxf4 Qe6 36. hxg6+ Rxg6 37. Nf5 Rh8 38. Rh3 Nb6 39. Ne7 Nd7 40. Nxg6 fxg6 41. Rfh4 Kg8 42. Qxg6+ Kf8 43. Qg7+ 1-0

[Event "ESP-ch U12 rapid"]
[Site "Salobrena"]
[Date "2024.07.13"]
[Round "2"]
[White "Mulet Polo, Pau"]
[Black "Regadera Tellez, Pablo"]
[Result "0-1"]
[WhiteElo "1896"]
[BlackElo "1618"]
[PlyCount "42"]
[EventDate "2024.07.13"]
[EventType "swiss (rapid)"]
[EventRounds "9"]
[EventCountry "ESP"]
[SourceTitle "EXT 2025"]
[Source "ChessBase"]
[SourceDate "2024.10.14"]
[SourceVersion "1"]
[SourceVersionDate "2024.10.14"]
[SourceQuality "1"]

1. d4 d5 2. c4 e6 3. Nc3 Nf6 4. cxd5 exd5 5. Bg5 Be7 6. e3 Nc6 7. a3 h6 8. Bh4 a6 9. Bd3 Be6 10. Nge2 Qd7 11. Qc2 0-0 12. 0-0 Nh5 13. Bxe7 Nxe7 14. f3 Nf6 15. Rad1 c6 16. Kh1 Bf5 17. e4 dxe4 18. fxe4 Bg6 19. Na4 Ng4 20. Nb6 Qc7 21. Nxa8 Qxh2# 0-1

[Event "ESP-ch U12"]
[Site "Salobrena"]
[Date "2024.07.12"]
[Round "8"]
[White "Ania Chueca, Mario"]
[Black "Mulet Polo, Pau"]
[Result "1/2-1/2"]
[WhiteElo "1747"]
[BlackElo "1856"]
[PlyCount "232"]
[EventDate "2024.07.08"]
[EventType "swiss"]
[EventRounds "9"]
[EventCountry "ESP"]
[SourceTitle "EXT 2025"]
[Source "ChessBase"]
[SourceDate "2024.10.14"]
[SourceVersion "1"]
[SourceVersionDate "2024.10.14"]
[SourceQuality "1"]

1. e4 c5 2. Nc3 Nc6 3. Bb5 Nd4 4. Bc4 g6 5. Nf3 Bg7 6. Nxd4 cxd4 7. Qf3 Nf6 8. Nb5 d6 9. Nxd4 0-0 10. h3 Bd7 11. 0-0 Rc8 12. Bb3 a5 13. a4 Bc6 14. Nxc6 bxc6 15. d3 d5 16. e5 Nd7 17. d4 e6 18. Qg4 c5 19. c3 Qb6 20. Qd1 cxd4 21. cxd4 f6 22. exf6 Bxf6 23. Be3 Rb8 24. Bc2 Qxb2 25. Rb1 Qa3 26. Qd3 Qxd3 27. Bxd3 Be7 28. Bb5 Nb6 29. Rfc1 Bd6 30. Bd2 Bf4 31. Rd1 Bxd2 32. Rxd2 Nxa4 33. Ra1 Rxb5 34. Rxa4 Ra8 35. Kf1 Rb4 36. Rda2 Rxa4 37. Rxa4 Kf7 38. Ke2 Kf6 39. f4 h5 40. g4 hxg4 41. hxg4 g5 42. Kf3 Ra6 43. Ke3 gxf4+ 44. Kxf4 Kg6 45. Kf3 Kg5 46. Kg3 Ra7 47. Kf3 Rf7+ 48. Ke3 Kxg4 49. Rxa5 Rf3+ 50. Ke2 Rb3 51. Ra6 Kf5 52. Rc6 Ra3 53. Rb6 Ke4 54. Rxe6+ Kxd4 55. Rh6 Ra2+ 56. Kd1 Kd3 57. Rh3+ Kc4 58. Rh4+ d4 59. Rh3 Rg2 60. Rh4 Kc3 61. Rh8 Rg1+ 62. Ke2 d3+ 63. Kf2 d2 64. Rh3+ Kc2 65. Kxg1 d1Q+ 66. Kg2 Kd2 67. Rf3 Ke2 68. Rf4 Qd5+ 69. Kg3 Ke3 70. Rg4 Qf5 71. Kh4 Kf3 72. Rg3+ Kf2 73. Rg5 Qf6 74. Kg4 Kg2 75. Kh5+ Kh2 76. Kg4 Qf7 77. Rf5 Qc7 78. Kf3 Qc3+ 79. Ke4 Kg3 80. Kd5 Kg4 81. Re5 Kf4 82. Re4+ Kf5 83. Rc4 Qb3 84. Kd4 Qb2+ 85. Kd5 Qd2+ 86. Rd4 Qa5+ 87. Kc4 Ke5 88. Rd3 Qa6+ 89. Kc3 Ke4 90. Rd4+ Ke3 91. Rb4 Qa3+ 92. Kc4 Ke4 93. Kc5+ Ke5 94. Kc4 Qa2+ 95. Kc3 Kd5 96. Rb2 Qa3+ 97. Rb3 Qc1+ 98. Kb4 Qc4+ 99. Ka3 Kc5 100. Kb2 Qe2+ 101. Ka3 Kc4 102. Rb4+ Kc3 103. Rb3+ Kc4 104. Rb4+ Kc5 105. Rb3 Qd2 106. Rb2 Qd1 107. Ka2 Kc4 108. Rb1 Qd2+ 109. Rb2 Qc1 110. Rb4+ Kd3 111. Rb3+ Kc4 112. Rb4+ Kc5 113. Rb1 Qc3 114. Rb3 Qd4 115. Rb2 Kc4 116. Rc2+ Kb4 1/2-1/2

[Event "ESP-ch U12"]
[Site "Salobrena"]
[Date "2024.07.09"]
[Round "3"]
[White "Mulet Polo, Pau"]
[Black "Perals Martinez, Mario"]
[Result "1/2-1/2"]
[WhiteElo "1856"]
[BlackElo "1722"]
[PlyCount "62"]
[EventDate "2024.07.08"]
[EventType "swiss"]
[EventRounds "9"]
[EventCountry "ESP"]
[SourceTitle "EXT 2025"]
[Source "ChessBase"]
[SourceDate "2024.10.14"]
[SourceVersion "1"]
[SourceVersionDate "2024.10.14"]
[SourceQuality "1"]

1. d4 Nf6 2. c4 g6 3. Nc3 d5 4. Bf4 Bg7 5. e3 0-0 6. Rc1 c5 7. dxc5 dxc4 8. Bxc4 Qa5 9. a3 Nbd7 10. Nf3 Ne4 11. 0-0 Nxc3 12. bxc3 Qxc5 13. Qb3 h6 14. Rfd1 Qb6 15. Qb4 Qxb4 16. cxb4 g5 17. Bg3 Nb6 18. Ne5 Nxc4 19. Rxc4 Bxe5 20. Bxe5 Be6 21. Rc7 Rfd8 22. Rdc1 Rac8 23. h3 Rxc7 24. Rxc7 Rd7 25. Rc8+ Kh7 26. Rh8+ Kg6 27. Bd4 f6 28. Rf8 Rd6 29. Rh8 Rd7 30. Rf8 Rd6 31. Re8 Rd7 1/2-1/2

[Event "ESP-ch U12 rapid"]
[Site "Salobrena"]
[Date "2023.07.15"]
[Round "4"]
[White "Alfaro Aldunate, Amaya"]
[Black "Mulet Polo, Pau"]
[Result "1-0"]
[WhiteElo "1248"]
[BlackElo "1557"]
[PlyCount "129"]
[EventDate "2023.07.15"]
[EventType "swiss (rapid)"]
[EventRounds "9"]
[EventCountry "ESP"]
[SourceTitle "EXT 2024"]
[Source "ChessBase"]
[SourceDate "2023.10.10"]
[SourceVersion "1"]
[SourceVersionDate "2023.10.10"]
[SourceQuality "1"]

1. e4 c5 2. d3 Nc6 3. Nf3 g6 4. g3 Bg7 5. Bg2 e5 6. Nbd2 Nge7 7. 0-0 0-0 8. Re1 d6 9. h4 Bg4 10. Nf1 Qd7 11. N1h2 Bh3 12. Bh1 f5 13. Ng5 fxe4 14. g4 exd3 15. Nxh3 dxc2 16. Qxc2 Nd4 17. Qd3 Bf6 18. Bh6 Bg7 19. Bxg7 Kxg7 20. Rad1 Rac8 21. b3 Rf7 22. Ng5 Rf4 23. Re4 Rxe4 24. Qxe4 Nec6 25. h5 d5 26. Qxd5 Qxd5 27. Bxd5 Rd8 28. Bxc6 Ne2+ 29. Kf1 Rxd1+ 30. Kxe2 Ra1 31. Bxb7 Rxa2+ 32. Ke3 gxh5 33. gxh5 Ra3 34. Bd5 h6 35. Nf7 a5 36. Ke2 a4 37. bxa4 Rxa4 38. Nxe5 Rh4 39. Nhf3 Rxh5 40. Bf7 Rf5 41. Bg6 Rf4 42. Ke3 Ra4 43. Bf7 Ra3+ 44. Ke2 Rc3 45. Kd2 Ra3 46. Ke2 Rc3 47. Kd2 Ra3 48. Ke1 Ra5 49. Bc4 Ra3 50. Nd3 Kf6 51. Kd2 Ra8 52. Kc3 Rf8 53. Nxc5 Ke7 54. Be2 h5 55. Ne4 h4 56. Nxh4 Rc8+ 57. Kd3 Ke6 58. Bg4+ Ke5 59. Bxc8 Kf4 60. Ng6+ Kf3 61. Ne5+ Kf4 62. Nc4 Kf3 63. Ncd2+ Kf4 64. Ke2 Ke5 65. Ke3 1-0

[Event "ESP-ch U12"]
[Site "Salobrena"]
[Date "2023.07.14"]
[Round "8"]
[White "Torrent Santonja, Adria"]
[Black "Mulet Polo, Pau"]
[Result "1-0"]
[WhiteElo "1386"]
[BlackElo "1495"]
[PlyCount "73"]
[EventDate "2023.07.10"]
[EventType "swiss"]
[EventRounds "9"]
[EventCountry "ESP"]
[SourceTitle "EXT 2024"]
[Source "ChessBase"]
[SourceDate "2023.10.10"]
[SourceVersion "1"]
[SourceVersionDate "2023.10.10"]
[SourceQuality "1"]

1. c4 c5 2. Nc3 Nc6 3. g3 g6 4. Bg2 Bg7 5. e3 e5 6. Nge2 Nge7 7. 0-0 0-0 8. b3 d6 9. Bb2 Be6 10. Na4 Bg4 11. h3 Bxe2 12. Qxe2 Qd7 13. Rac1 Rac8 14. Nc3 f5 15. Nd5 e4 16. Bxg7 Kxg7 17. Nf4 Ne5 18. d4 exd3 19. Nxd3 Nxd3 20. Qxd3 Rcd8 21. Rcd1 Rf6 22. Rfe1 Nc6 23. Qc3 a6 24. a4 Qe7 25. e4 Qe5 26. Qxe5 dxe5 27. Rxd8 Nxd8 28. exf5 Rxf5 29. g4 Rf6 30. Rxe5 b6 31. Bd5 Nc6 32. Re8 Nd4 33. g5 Rf8 34. Re7+ Kh8 35. Re3 a5 36. Kg2 Rf5 37. Re8+ 1-0

[Event "ESP-ch U10 Rapid"]
[Site "Salobrena"]
[Date "2022.07.09"]
[Round "1"]
[White "Mulet Polo, Pau"]
[Black "Loriente Galiano, Eric"]
[Result "0-1"]
[WhiteElo "1142"]
[BlackElo "1020"]
[PlyCount "184"]
[EventDate "2022.07.09"]
[EventType "swiss (rapid)"]
[EventRounds "9"]
[EventCountry "ESP"]
[SourceTitle "EXT 2023"]
[Source "ChessBase"]
[SourceDate "2022.10.05"]
[SourceVersion "1"]
[SourceVersionDate "2022.10.05"]
[SourceQuality "1"]

1. d4 d5 2. Bf4 Nf6 3. Nf3 c5 4. e3 Nc6 5. Nbd2 Qb6 6. dxc5 Qxc5 7. Nb3 Qb4+ 8. c3 Qb6 9. Bd3 Bg4 10. 0-0 e5 11. Bg5 e4 12. Bxf6 gxf6 13. h3 Bxf3 14. gxf3 exd3 15. Qxd3 Rg8+ 16. Kh2 Bd6+ 17. f4 Ne7 18. Qxh7 0-0-0 19. Rg1 Rxg1 20. Rxg1 Rf8 21. Rg7 Bc5 22. Rxf7 Rxf7 23. Qxf7 Kd7 24. h4 f5 25. h5 a5 26. Kg3 Bxe3 27. Nd4 Bxd4 28. h6 Bxf2+ 29. Kg2 Qxh6 30. Kxf2 Qxf4+ 31. Ke2 Qh2+ 32. Kd3 Qxb2 33. Qf6 Qxa2 34. Qb6 Qc4+ 35. Kc2 Qe2+ 36. Kb3 a4+ 37. Ka3 Qa6 38. Qb4 b5 39. Qd4 Qd6+ 40. Kb2 a3+ 41. Ka2 Nc6 42. Qg7+ Ne7 43. Qd4 Nc6 44. Qg7+ Ke6 45. Qg6+ Ke5 46. Qg3+ Ke6 47. Qg6+ Kd7 48. Qg7+ Ne7 49. Qd4 Qh2+ 50. Kxa3 Qd6+ 51. Kb2 Ke6 52. Qe3+ Qe5 53. Qb6+ Qd6 54. Qe3+ Kf7 55. Qh3 b4 56. Qh7+ Ke6 57. Qh6+ Kd7 58. Qg7 bxc3+ 59. Qxc3 Qb8+ 60. Ka2 Qa7+ 61. Kb1 Qb6+ 62. Ka2 Qf2+ 63. Ka1 Qa7+ 64. Kb1 Qb6+ 65. Ka2 d4 66. Qd3 Qe6+ 67. Ka1 Qd5 68. Kb2 Qg2+ 69. Ka1 Qg1+ 70. Ka2 Qf2+ 71. Ka1 Qe1+ 72. Ka2 Qa5+ 73. Kb1 Qb4+ 74. Ka2 Kd6 75. Qg3+ Kd5 76. Qf3+ Kc4 77. Qf1+ Kc5 78. Qe2 Qc4+ 79. Qxc4+ Kxc4 80. Kb2 Kd3 81. Kc1 Ke2 82. Kc2 f4 83. Kb3 f3 84. Kc4 f2 85. Kxd4 f1Q 86. Kc3 Qf4 87. Kb2 Qe3 88. Ka1 Qd2 89. Kb1 Kd3 90. Ka1 Kc3 91. Kb1 Kb3 92. Ka1 Qb2# 0-1

[Event "ESP-ch U10"]
[Site "Salobrena"]
[Date "2022.07.06"]
[Round "5"]
[White "Gonzalez Argandona, Manuel"]
[Black "Mulet Polo, Pau"]
[Result "1-0"]
[WhiteElo "1409"]
[BlackElo "1142"]
[PlyCount "87"]
[EventDate "2022.07.04"]
[EventType "swiss"]
[EventRounds "9"]
[EventCountry "ESP"]
[SourceTitle "EXT 2023"]
[Source "ChessBase"]
[SourceDate "2022.10.05"]
[SourceVersion "1"]
[SourceVersionDate "2022.10.05"]
[SourceQuality "1"]

1. d4 d5 2. c4 e6 3. Nc3 Nf6 4. Nf3 c6 5. Bg5 h6 6. Bh4 Bd6 7. e3 0-0 8. Bd3 Nbd7 9. 0-0 a6 10. a4 Bb4 11. e4 dxc4 12. Bxc4 Qa5 13. Qc2 Qh5 14. Rfd1 Qg6 15. Bd3 Qh5 16. Bg3 Re8 17. Rac1 Qg4 18. h3 Qh5 19. Bh2 Ba5 20. e5 Nd5 21. Be2 Bb6 22. Ne4 Qf5 23. Nh4 Qh7 24. Bd3 Qh8 25. Nd6 Rd8 26. Be4 Bc7 27. Nc4 f5 28. exf6 Bxh2+ 29. Kxh2 g5 30. f7+ Kxf7 31. Nd6+ Ke7 32. Ng6+ Kf6 33. Nxh8 Rxh8 34. Bxd5 cxd5 35. Qc7 h5 36. Nxc8 Raxc8 37. Qxd7 Rxc1 38. Rxc1 g4 39. Rc7 g3+ 40. fxg3 h4 41. Qf7+ Kg5 42. Qf4+ Kg6 43. gxh4 e5 44. Qg5# 1-0

[Event "ESP-ch U10"]
[Site "Salobrena"]
[Date "2022.07.04"]
[Round "2"]
[White "Mulet Polo, Pau"]
[Black "Trujillo Torres, Alvaro"]
[Result "1-0"]
[WhiteElo "1142"]
[BlackElo "1371"]
[PlyCount "113"]
[EventDate "2022.07.04"]
[EventType "swiss"]
[EventRounds "9"]
[EventCountry "ESP"]
[SourceTitle "EXT 2023"]
[Source "ChessBase"]
[SourceDate "2022.10.05"]
[SourceVersion "1"]
[SourceVersionDate "2022.10.05"]
[SourceQuality "1"]

1. d4 d5 2. Bf4 Nf6 3. Nf3 e6 4. e3 c5 5. c3 cxd4 6. cxd4 Be7 7. Bd3 0-0 8. Nc3 Bb4 9. 0-0 Bxc3 10. bxc3 Ne4 11. Qc2 f5 12. Bxe4 fxe4 13. Ne5 Nd7 14. Qe2 Nxe5 15. dxe5 g5 16. Bg3 Rf5 17. f3 Qe7 18. fxe4 dxe4 19. Qc4 Bd7 20. Rxf5 Rc8 21. Qb3 Ba4 22. Qxa4 exf5 23. Qb4 Qxb4 24. cxb4 Rc2 25. Rd1 Rxa2 26. Rd8+ Kf7 27. Rd7+ Ke6 28. Rxh7 Ra1+ 29. Kf2 Ra2+ 30. Ke1 Ra1+ 31. Kd2 Ra2+ 32. Kc3 a5 33. Rxb7 a4 34. b5 a3 35. Kb3 Ra1 36. Rb6+ Kd7 37. Rd6+ Ke7 38. b6 a2 39. Rh6 Kf7 40. b7 Rb1+ 41. Kxa2 Rxb7 42. Rh7+ Ke6 43. Rxb7 f4 44. exf4 gxf4 45. Bxf4 e3 46. Bxe3 Kd5 47. h4 Kxe5 48. Rf7 Ke6 49. Rf1 Ke5 50. h5 Ke4 51. h6 Kd3 52. h7 Kxe3 53. h8Q Ke2 54. Rf8 Ke3 55. Qe5+ Kd3 56. Rd8+ Kc2 57. Qc5# 1-0